| 000 | 00914nam a2200265 i 4500 | ||
|---|---|---|---|
| 001 | bg | ||
| 100 | 1 | _aSHORT, Scott | |
| 245 | 1 | 0 |
_aZastosowanie XML do tworzenia usług internetowych na platformie Microsoft.NET / _cScott Short ; [przekł. John Catlow]. |
| 246 |
_iTyt. oryg.: _aBuilding XML WEB services for the Microsoft.NET platform |
||
| 260 |
_aWarszawa : _bAPN Promise, _c2003. |
||
| 300 |
_aXII, 400 s. ; _c24 cm + _eCD ROM. |
||
| 500 | _aTyt. oryg: "Building XML WEB services for the Microsoft.NET platform". | ||
| 504 | _aIndeks. | ||
| 650 | 9 | _aXML | |
| 655 | _aPodręczniki | ||
| 700 | 1 |
_aCATLOW, John. _eTł. |
|
| 020 | _a8388440357 | ||
| 040 | _cBPK | ||
| 041 | 1 |
_apol _heng |
|
| 080 | _a004.438A/Z:004.738.52](07) | ||
| 920 | _a83-88440-35-7 | ||
| 942 | _cKS | ||
| 008 | s pl f |000 0 pol | ||
| 999 |
_c43375 _d43375 |
||
| 856 |
_uhttp://koha.tu.koszalin.pl/cgi-bin/koha/opac-detail.pl?biblionumber=43375 _yKatalog online BPK |
||